Statistics for Countries that End in N

Click here to take the quiz!

General Stats

  • This quiz has been taken 45,104 times
    (45,081 since last reset)
  • The average score is 17 of 25

Answer Stats

Country % Correct
Pakistan
86%
Afghanistan
86%
Turkmenistan
84%
Uzbekistan
83%
Kazakhstan
83%
Tajikistan
80%
Iran
79%
Kyrgyzstan
78%
Japan
76%
Oman
73%
Spain
71%
Yemen
71%
Azerbaijan
71%
Sweden
69%
Sudan
61%
Bhutan
59%
Jordan
58%
Benin
57%
South Sudan
57%
Lebanon
54%
Bahrain
52%
Taiwan
48%
Gabon
42%
Liechtenstein
40%
Cameroon
39%

Score Distribution

Percentile by Number Answered

Percent of People with Each Score

Your Score History

You have not taken this quiz since the last reset